000 00251nam a2200109Ia 4500
008 190912s9999||||xx |||||||||||||| ||und||
100 _aIan Sommerville
245 0 _aSoftware Engineering
260 _aUSA
_bEducation
_c2000
300 _a694
942 _cBK
999 _c7683
_d7683